Evaluation in the Crowd. Crowdsourcing and Human-Centered Experiments Dagstuhl Seminar 15481, Dagstuhl Castle, Germany, November 22 – 27, 2015, Revised Contributions /

As the outcome of the Dagstuhl Seminar 15481 on Crowdsourcing and Human-Centered Experiments, this book is a primer for computer science researchers who intend to use crowdsourcing technology for human centered experiments. The focus of this Dagstuhl seminar, held in Dagstuhl Castle in November 2015...

Πλήρης περιγραφή

Λεπτομέρειες βιβλιογραφικής εγγραφής
Συγγραφή απο Οργανισμό/Αρχή: SpringerLink (Online service)
Άλλοι συγγραφείς: Archambault, Daniel (Επιμελητής έκδοσης), Purchase, Helen (Επιμελητής έκδοσης), Hoßfeld, Tobias (Επιμελητής έκδοσης)
Μορφή: Ηλεκτρονική πηγή Ηλ. βιβλίο
Γλώσσα:English
Έκδοση: Cham : Springer International Publishing : Imprint: Springer, 2017.
Σειρά:Lecture Notes in Computer Science, 10264
Θέματα:
Διαθέσιμο Online:Full Text via HEAL-Link
LEADER 03639nam a22005535i 4500
001 978-3-319-66435-4
003 DE-He213
005 20170927200451.0
007 cr nn 008mamaa
008 170927s2017 gw | s |||| 0|eng d
020 |a 9783319664354  |9 978-3-319-66435-4 
024 7 |a 10.1007/978-3-319-66435-4  |2 doi 
040 |d GrThAP 
050 4 |a QA76.9.U83 
050 4 |a QA76.9.H85 
072 7 |a UYZG  |2 bicssc 
072 7 |a COM070000  |2 bisacsh 
082 0 4 |a 005.437  |2 23 
082 0 4 |a 4.019  |2 23 
245 1 0 |a Evaluation in the Crowd. Crowdsourcing and Human-Centered Experiments  |h [electronic resource] :  |b Dagstuhl Seminar 15481, Dagstuhl Castle, Germany, November 22 – 27, 2015, Revised Contributions /  |c edited by Daniel Archambault, Helen Purchase, Tobias Hoßfeld. 
264 1 |a Cham :  |b Springer International Publishing :  |b Imprint: Springer,  |c 2017. 
300 |a VII, 191 p. 15 illus.  |b online resource. 
336 |a text  |b txt  |2 rdacontent 
337 |a computer  |b c  |2 rdamedia 
338 |a online resource  |b cr  |2 rdacarrier 
347 |a text file  |b PDF  |2 rda 
490 1 |a Lecture Notes in Computer Science,  |x 0302-9743 ;  |v 10264 
505 0 |a Crowdsourcing Versus the Laboratory: Towards Human-centered Experiments Using the Crowd -- Understanding The Crowd: Ethical and Practical Matters in the Academic Use of Crowdsourcing -- Crowdsourcing Technology to Support Academic Research -- Crowdsourcing for Information Visualization: Promises and Pitfalls -- Cognitive Information Theories of Psychology and Applications with Visualization and HCI through Crowdsourcing Platforms -- Crowdsourcing Quality of Experience Experiments. 
520 |a As the outcome of the Dagstuhl Seminar 15481 on Crowdsourcing and Human-Centered Experiments, this book is a primer for computer science researchers who intend to use crowdsourcing technology for human centered experiments. The focus of this Dagstuhl seminar, held in Dagstuhl Castle in November 2015, was to discuss experiences and methodological considerations when using crowdsourcing platforms to run human-centered experiments to test the effectiveness of visual representations. The inspiring Dagstuhl atmosphere fostered discussions and brought together researchers from different research directions. The papers provide information on crowdsourcing technology and experimental methodologies, comparisons between crowdsourcing and lab experiments, the use of crowdsourcing for visualisation, psychology, QoE and HCI empirical studies, and finally the nature of crowdworkers and their work, their motivation and demographic background, as well as the relationships among people forming the crowdsourcing community. 
650 0 |a Computer science. 
650 0 |a Computer communication systems. 
650 0 |a User interfaces (Computer systems). 
650 0 |a Economic theory. 
650 1 4 |a Computer Science. 
650 2 4 |a User Interfaces and Human Computer Interaction. 
650 2 4 |a Computer Communication Networks. 
650 2 4 |a Information Systems Applications (incl. Internet). 
650 2 4 |a Economic Theory/Quantitative Economics/Mathematical Methods. 
700 1 |a Archambault, Daniel.  |e editor. 
700 1 |a Purchase, Helen.  |e editor. 
700 1 |a Hoßfeld, Tobias.  |e editor. 
710 2 |a SpringerLink (Online service) 
773 0 |t Springer eBooks 
776 0 8 |i Printed edition:  |z 9783319664347 
830 0 |a Lecture Notes in Computer Science,  |x 0302-9743 ;  |v 10264 
856 4 0 |u http://dx.doi.org/10.1007/978-3-319-66435-4  |z Full Text via HEAL-Link 
912 |a ZDB-2-SCS 
912 |a ZDB-2-LNC 
950 |a Computer Science (Springer-11645)